<?xml version="1.0" encoding="UTF-8"?>
<record
    xmlns:xsi="http://www.w3.org/2001/XMLSchema-instance"
    xsi:schemaLocation="http://www.loc.gov/MARC21/slim http://www.loc.gov/standards/marcxml/schema/MARC21slim.xsd"
    xmlns="http://www.loc.gov/MARC21/slim">

  <leader>01172nam a22002657a 4500</leader>
  <controlfield tag="005">20170124102957.0</controlfield>
  <datafield tag="010" ind1=" " ind2=" ">
    <subfield code="a">B-033998</subfield>
  </datafield>
  <datafield tag="020" ind1=" " ind2=" ">
    <subfield code="c">250.00</subfield>
    <subfield code="a">6167588020</subfield>
  </datafield>
  <datafield tag="035" ind1=" " ind2=" ">
    <subfield code="a">B-033998</subfield>
  </datafield>
  <datafield tag="037" ind1=" " ind2=" ">
    <subfield code="b">Cen Lib/Ret</subfield>
  </datafield>
  <datafield tag="040" ind1=" " ind2=" ">
    <subfield code="a">DPL</subfield>
    <subfield code="b">HN</subfield>
  </datafield>
  <datafield tag="082" ind1=" " ind2=" ">
    <subfield code="a">320.5</subfield>
    <subfield code="b">&#x92D;&#x93E;&#x930;&#x924;&#x940;</subfield>
  </datafield>
  <datafield tag="245" ind1=" " ind2=" ">
    <subfield code="a">&#x92D;&#x93E;&#x930;&#x924;&#x940;&#x92F; &#x930;&#x93E;&#x91C;&#x928;&#x940;&#x924;&#x93F;&#x915; &#x91A;&#x93F;&#x902;&#x924;&#x928; /</subfield>
    <subfield code="c">&#x938;&#x92E;&#x94D;&#x92A;&#x93E;&#x926;&#x915; &#x90F;&#x92E;.&#x92A;&#x940;.&#x938;&#x93F;&#x902;&#x939; [&#x914;&#x930;] &#x939;&#x93F;&#x92E;&#x93E;&#x902;&#x936;&#x941; &#x930;&#x949;&#x92F; </subfield>
  </datafield>
  <datafield tag="246" ind1=" " ind2=" ">
    <subfield code="a">Bhartiye rajneetik chintan /</subfield>
    <subfield code="b">sampadak M.P.Singh [and] Himanshu Roy </subfield>
  </datafield>
  <datafield tag="260" ind1=" " ind2=" ">
    <subfield code="a">&#x926;&#x93F;&#x932;&#x94D;&#x932;&#x940; </subfield>
    <subfield code="b">&#x92E;&#x93E;&#x927;&#x94D;&#x92F;&#x92E; &#x92C;&#x941;&#x915; &#x938;&#x930;&#x94D;&#x935;&#x93F;&#x938;&#x947;&#x91C; </subfield>
    <subfield code="c">2000</subfield>
  </datafield>
  <datafield tag="270" ind1=" " ind2=" ">
    <subfield code="b">&#x926;&#x93F;&#x932;&#x94D;&#x932;&#x940; </subfield>
    <subfield code="a">&#x906;&#x90A;&#x91F;&#x94D;&#x930;&#x93E;&#x92E; &#x932;&#x93E;&#x907;&#x928;&#x94D;&#x938; </subfield>
  </datafield>
  <datafield tag="300" ind1=" " ind2=" ">
    <subfield code="a">241&#x92A;&#x943;. </subfield>
    <subfield code="c">20&#x938;&#x947;&#x92E;&#x940; (&#x938;&#x91C;&#x93F;&#x932;&#x94D;&#x926;)</subfield>
  </datafield>
  <datafield tag="650" ind1=" " ind2=" ">
    <subfield code="a">&#x930;&#x93E;&#x937;&#x94D;&#x91F;&#x94D;&#x930;&#x935;&#x93E;&#x926; &#x914;&#x930; &#x92E;&#x93E;&#x928;&#x935;&#x935;&#x93E;&#x926; </subfield>
    <subfield code="9">4303</subfield>
  </datafield>
  <datafield tag="650" ind1=" " ind2=" ">
    <subfield code="a">&#x92D;&#x93E;&#x930;&#x924;&#x940;&#x92F; &#x930;&#x93E;&#x91C;&#x928;&#x940;&#x924;&#x940; </subfield>
    <subfield code="9">113086</subfield>
  </datafield>
  <datafield tag="650" ind1=" " ind2=" ">
    <subfield code="a">Nationalism and Humanism</subfield>
    <subfield code="9">53611</subfield>
  </datafield>
  <datafield tag="650" ind1=" " ind2=" ">
    <subfield code="a">Indian politics</subfield>
    <subfield code="9">113087</subfield>
  </datafield>
  <datafield tag="700" ind1=" " ind2=" ">
    <subfield code="a">&#x90F;&#x92E;.&#x92A;&#x940;.&#x938;&#x93F;&#x902;&#x939;</subfield>
    <subfield code="9">53613</subfield>
  </datafield>
  <datafield tag="700" ind1=" " ind2=" ">
    <subfield code="a">&#x930;&#x949;&#x92F;, &#x939;&#x93F;&#x92E;&#x93E;&#x902;&#x936;&#x941; </subfield>
    <subfield code="9">43761</subfield>
  </datafield>
  <datafield tag="942" ind1=" " ind2=" ">
    <subfield code="2">ddc</subfield>
    <subfield code="c">HN</subfield>
    <subfield code="h">320.5</subfield>
    <subfield code="m">&#x92D;&#x93E;&#x930;&#x924;&#x940;</subfield>
  </datafield>
  <datafield tag="999" ind1=" " ind2=" ">
    <subfield code="c">113730</subfield>
    <subfield code="d">113730</subfield>
  </datafield>
  <datafield tag="952" ind1=" " ind2=" ">
    <subfield code="0">0</subfield>
    <subfield code="1">0</subfield>
    <subfield code="4">0</subfield>
    <subfield code="7">0</subfield>
    <subfield code="a">L</subfield>
    <subfield code="b">L</subfield>
    <subfield code="d">2015-08-13</subfield>
    <subfield code="e">Cen Lib/Ret</subfield>
    <subfield code="g">250.00</subfield>
    <subfield code="l">0</subfield>
    <subfield code="o">320.5 &#x92D;&#x93E;&#x930;&#x924;&#x940;</subfield>
    <subfield code="p">B-033998</subfield>
    <subfield code="r">2015-08-13 00:00:00</subfield>
    <subfield code="t">1</subfield>
    <subfield code="v">250.00</subfield>
    <subfield code="w">2015-08-13</subfield>
    <subfield code="y">HN</subfield>
  </datafield>
  <datafield tag="952" ind1=" " ind2=" ">
    <subfield code="0">0</subfield>
    <subfield code="1">0</subfield>
    <subfield code="4">0</subfield>
    <subfield code="7">1</subfield>
    <subfield code="8">REF</subfield>
    <subfield code="a">L</subfield>
    <subfield code="b">L</subfield>
    <subfield code="d">2015-10-05</subfield>
    <subfield code="e">Cen Lib/Ret</subfield>
    <subfield code="g">110.00</subfield>
    <subfield code="l">0</subfield>
    <subfield code="o">320.5 &#x92D;&#x93E;&#x930;&#x924;&#x940;</subfield>
    <subfield code="p">B-033999</subfield>
    <subfield code="r">2015-10-05 00:00:00</subfield>
    <subfield code="t">1</subfield>
    <subfield code="v">110.00</subfield>
    <subfield code="w">2015-10-05</subfield>
    <subfield code="y">HN</subfield>
  </datafield>
</record>
